| 000 | 00841nam a2200253 a 4500 | ||
|---|---|---|---|
| 001 | 000006829 | ||
| 003 | DO-SdBNP | ||
| 005 | 20260204085718.0 | ||
| 008 | 090903s1988 dr ac 001 0 spa d | ||
| 040 |
_aDO-SdBNP _bspa _cBNPHU |
||
| 082 |
_a395 _bV768p, 1988 |
||
| 100 | 1 |
_aVincent Cepeda, Rosa Amelia _91213 |
|
| 245 | 1 | 0 |
_aPráctica social / _cRosa Amelia Vincent Cepeda, Rosa Victoria de Jesús Mallol Vincent. |
| 260 |
_aSanto Domingo : _bCorripio, _c1988. |
||
| 300 |
_a119 p. : _bil., retr. ; _c21 cm. |
||
| 504 | _aBibliografía: p. 119. | ||
| 590 | _aInventariado, 2018/VM | ||
| 650 | 7 |
_aConducta de vida _911947 _2LIBRUNAM |
|
| 650 | 0 |
_aEtiqueta _9402 |
|
| 650 | 0 |
_aFormulas de tratamiento _9403 |
|
| 700 | 1 |
_aMallol Vincent, Rosa Victoria de Jesús _918974 |
|
| 910 | _aValidado. Control de calidad EMS. | ||
| 942 |
_2ddc _cLBS1 |
||
| 999 |
_c6617 _d6617 |
||